| 000 | 00724nam a2200277Ia 4500 | ||
|---|---|---|---|
| 005 | 20251020182456.0 | ||
| 008 | 200515s9999 xx 000 0 und d | ||
| 020 | _a958-631-338-7 | ||
| 082 | _a624.046/V24 | ||
| 100 | _aVallecilla Bahena, Carlos | ||
| 245 | 0 | _aEl Círculo de Mohr : Fundamentos y Aplicaciones | |
| 260 | _aBogotá, D.C. | ||
| 260 | _bUniversidad Santo Tomás | ||
| 260 | _c2004 | ||
| 300 | _a260 p. | ||
| 300 | _bil., tbl., graf. | ||
| 500 | _a1 ejemplar | ||
| 650 | _aDEFORMACIONES PLANAS | ||
| 650 | _aESFUERZOS EN EL ESPACIO | ||
| 650 | _aESFUERZOS EN EL PLANO | ||
| 650 | _aESFUERZOS EN VIGAS | ||
| 650 | _aMECANICA DE SUELOS | ||
| 650 | _aVIGAS | ||
| 942 | _cLIB | ||
| 999 |
_c1014 _d1014 |
||